000 00684nam a2200253Ia 4500
003 OSt
005 20221007065355.0
006 a|||||r|||| 00| 0
007 ta
008 221006b |||||||| |||| 00| 0 eng d
020 _a9781474420259
024 _a45,513
037 _cTextual
040 _aFLL
_cFLL
_beng
041 _2eng
_aeng
082 _aX:9760bZ, Q7
100 _aMANTLE Marjorie
_9686910
245 0 _aMediation
_b A practical guide for lawyers
250 _a2nd
260 _aEdinburgh
_bEdinburgh University Press
_c2017
300 _ax,182p.
_ccm.
942 _hX:9760bZ, Q7
_cTEXL
_2CC
999 _c1137136
_d1137136